| 000 | 00552nam a2200205Ia 4500 | ||
|---|---|---|---|
| 003 | 0100 | ||
| 005 | 20140326104822.0 | ||
| 008 | 130303s9999 xx 000 0 und d | ||
| 040 | _cARRUPELIB | ||
| 050 | _aBX1751.2.R3413 1997 | ||
| 100 |
_aRatzinger, Joseph _99381 |
||
| 245 | _aSalt of the earth | ||
| 245 | _bchristianity and the catholic church at the end of the millenium | ||
| 260 | _aSan Francisco | ||
| 260 | _bIgnatius Press | ||
| 300 | _a283p. | ||
| 300 | _b 23 cm. | ||
| 650 |
_bChase, Mary Ellen _99382 |
||
| 942 |
_2lcc _cMONOGRAPH |
||
| 999 |
_c58615 _d58615 |
||